The turnaround guide 2011-2012 (Record no. 112292)

MARC details
000 -LEADER
fixed length control field 00714cam a22002055a 4500
001 - CONTROL NUMBER
control field E152951
008 - FIXED-LENGTH DATA ELEMENTS--GENERAL INFORMATION
fixed length control field 110517s2011 xxk f 000 0 eng d
035 ## - SYSTEM CONTROL NUMBER
System control number (Sirsi) u152951
041 0# - LANGUAGE CODE
Language code of text/sound track or separate title eng
050 04 - LIBRARY OF CONGRESS CALL NUMBER
Classification number 346.42078 $2 18
110 2# - MAIN ENTRY--CORPORATE NAME
Corporate name or jurisdiction name as entry element Turnaround Management Association United Kingdom
9 (RLIN) 5855
245 04 - TITLE STATEMENT
Title The turnaround guide 2011-2012
Remainder of title incorporating the directories of sponsors and members of the Turnaround Management Association
260 ## - PUBLICATION, DISTRIBUTION, ETC.
Place of publication, distribution, etc. [London]
Name of publisher, distributor, etc. TMA
Date of publication, distribution, etc. 2011
300 ## - PHYSICAL DESCRIPTION
Extent 104p.
Dimensions 21cm.
520 ## - SUMMARY, ETC.
Summary, etc. Provides details of companies involved in the turnaround and corporate recovery markets.
590 ## - LOCAL NOTE (RLIN)
Local note KA
651 #4 - SUBJECT ADDED ENTRY--GEOGRAPHIC NAME
Geographic name United Kingdom
Chronological subdivision
690 ## - LOCAL SUBJECT ADDED ENTRY--TOPICAL TERM (OCLC, RLIN)
Topical term or geographic name as entry element MANAGEMENT-CORPORATE RECOVERY
942 ## - ADDED ENTRY ELEMENTS (KOHA)
Suppress in OPAC 0
Holdings
Withdrawn status Lost status Source of classification or shelving scheme Damaged status Not for loan Home library Current library Shelving location Date acquired Total Checkouts Full call number Barcode Date last seen Copy number Price effective from Koha item type
    Dewey Decimal Classification     London London Books 17/05/2011   346.42078 TUR 30075620 06/08/2019 1 06/08/2019 Book